| 000 | 00820nam a2200253Ia 4500 | ||
|---|---|---|---|
| 001 | dia_3952 | ||
| 003 | CHAP | ||
| 005 | 20240403115625.0 | ||
| 008 | 220117s2000 xx 000 0 und d | ||
| 010 | _a174560 | ||
| 040 | _cCHAP | ||
| 090 | _aFOLLETO 2681 | ||
| 100 | 1 |
_aGarcía Chávez, Luis Ramiro _945860 |
|
| 245 |
_aLa Agroindustrial Azucarera de México: reformas estructurales y sus implicaciones para el mercado de los edulcorantes / _c Luis Ramiro García Chávez y Thomas H. Spreen |
||
| 260 |
_aChapingo, México : _b UACh, CIESTAAM, _c2000 |
||
| 300 | _a44 p. | ||
| 500 | _aD. | ||
| 650 |
_aEdulcorantes _935703 |
||
| 650 | 3 |
_aIndustria azucarera _957780 |
|
| 901 | _aFOLLETO 2681 | ||
| 902 | _aM | ||
| 905 | _a0000002000 mx 0000000000spa00 | ||
| 942 |
_cFOLL _2local |
||
| 999 |
_c174560 _d174560 |
||